Advanced deep learning : (Record no. 240953)

MARC details
000 -LEADER
fixed length control field 01471nam a22002417a 4500
005 - DATE AND TIME OF LATEST TRANSACTION
control field 20260304150230.0
008 - FIXED-LENGTH DATA ELEMENTS--GENERAL INFORMATION
fixed length control field 260224b |||||||| |||| 00| 0 eng d
020 ## - INTERNATIONAL STANDARD BOOK NUMBER
International Standard Book Number 9789370606975
040 ## - CATALOGING SOURCE
Transcribing agency AIMIT LIBRARY
082 ## - DEWEY DECIMAL CLASSIFICATION NUMBER
Edition number 1
Classification number 006.312
Item number UDAA
100 ## - MAIN ENTRY--PERSONAL NAME
Personal name Udayakumar, Anisha.
9 (RLIN) 256565
245 ## - TITLE STATEMENT
Title Advanced deep learning :
Remainder of title guide to optimizing and deploying AI models /
Statement of responsibility, etc. By Anisha Udayakumar, Shriram K Vasudevan and Pulari, Sini Raj.
250 ## - EDITION STATEMENT
Edition statement 1st ed.
260 ## - PUBLICATION, DISTRIBUTION, ETC.
Place of publication, distribution, etc. New Delhi :
Name of publisher, distributor, etc. Wiley ,
Date of publication, distribution, etc. 2025.
300 ## - PHYSICAL DESCRIPTION
Extent xi,282p. ;
Other physical details PB
Dimensions 24.4 cm
500 ## - GENERAL NOTE
General note Advanced Deep Learning is a comprehensive guide for students, researchers, and professionals seeking to master the optimization and deployment of AI models. The book covers foundational concepts, advanced architectures (CNNs, RNNs, LSTMs, Transformers), practical applications (vision, NLP, GenAI), and real-world deployment challenges. It provides hands-on tutorials for model optimization (compression, quantization, pruning, knowledge distillation), hardware-aware deployment (CPUs, GPUs, NPUs, AI PCs), and industry best practices using frameworks like TensorFlow, PyTorch, and Intel OpenVINO™.
650 ## - SUBJECT ADDED ENTRY--TOPICAL TERM
Topical term or geographic name entry element Practical applications of deep learning
9 (RLIN) 256566
650 ## - SUBJECT ADDED ENTRY--TOPICAL TERM
Topical term or geographic name entry element Challenges in deploying deep learning models
9 (RLIN) 256567
650 ## - SUBJECT ADDED ENTRY--TOPICAL TERM
Topical term or geographic name entry element Deploying AI across devices
9 (RLIN) 256568
700 ## - ADDED ENTRY--PERSONAL NAME
Personal name Vasudevan, Shriram K.
9 (RLIN) 256569
700 ## - ADDED ENTRY--PERSONAL NAME
Personal name Pulari, Sini Raj.
9 (RLIN) 256570
942 ## - ADDED ENTRY ELEMENTS (KOHA)
Source of classification or shelving scheme Dewey Decimal Classification
Koha item type Book
Edition 1st
Call number prefix 006.312 UDAA
Holdings
Withdrawn status Lost status Source of classification or shelving scheme Damaged status Not for loan Collection code Home library Current library Shelving location Date acquired Source of acquisition Cost, normal purchase price Inventory number Total Checkouts Full call number Barcode Date last seen Cost, replacement price Price effective from Koha item type
    Dewey Decimal Classification     MCA St Aloysius Institute of Management & Information Technology St Aloysius Institute of Management & Information Technology Deep Learning 02/23/2026 SK Publishers & Distributors 799.00 Bill.no:SKP4044;Bill.dt:2026/2/2   006.312 UDAA MCA17389 05/23/2026 599.25 02/24/2026 Book